Skylines at Night - Statistics

General Stats
  • This quiz has been taken 254 times
  • The average score is 16 of 22
Answer Stats
Hint Answer % Correct
Dubai
93%
New York
90%
Shanghai
89%
Toronto
88%
Kuala Lumpur
82%
Seattle
82%
Tokyo
82%
Mecca
81%
Amsterdam
80%
Hong Kong
79%
Singapore
79%
Taipei
77%
Las Vegas
76%
Sydney
75%
Chicago
72%
Istanbul
71%
San Francisco
64%
Moscow
56%
Budapest
52%
Frankfurt
44%
Jerusalem
41%
Auckland
37%
No matching quizzes found
Score Distribution
Percent of People with Each Score
Percentile by Number Answered
Your Score History
You have not taken this quiz